00478nam a2200169Ia 4500020001000000082002700010100002400037245007600061260003800137300000900175526003700184650002500221650002100246650000800267650000800275650002500283 a(pbk) a297.7bMUHcL-31,p-133 aMuhammad Hamidullah aThe Battlefields of the Prophet of Allah (S.A.W.)cMuhammad Hamidullah aKarachi:bHuzaifah Publications, a65p. a0b0c0d297_700000000000000_MUH aBadr- Battle of- 624 aIslam -- History aMCE aMCE aUhud- Battle of- 625